000 00378pab a2200157 454500
008 180718b2000 xxu||||| |||| 00| 0 eng d
100 _aKar, Pralip
245 _aWealth, welfare and economic reforms
260 _c2000
300 _ap.14
362 _a18 Aug
650 _aEconomic reform - India
650 _aEconomic reform
773 _aEconomic Times
909 _a47114
999 _c47114
_d47114